KOHA-Header-6

Case in Applied Corporate Finance (Record no. 8546)

000 -LEADER
fixed length control field 00279nam a2200109Ia 4500
100 ## - MAIN ENTRY--AUTHOR NAME
Personal name William W.Sihler
245 #0 - TITLE STATEMENT
Title Case in Applied Corporate Finance
260 ## - PUBLICATION, DISTRIBUTION, ETC. (IMPRINT)
Place of publication London
Name of publisher World Scientific
Year of publication 2003
300 ## - PHYSICAL DESCRIPTION
Number of Pages 706
942 ## - ADDED ENTRY ELEMENTS (KOHA)
Koha item type Books
Holdings
Withdrawn status Lost status Collection code Permanent Location Current Location Shelving location Date acquired Full call number Accession Number Koha item type
    Finance MAJU MAJU Shelf No.A44 2019-09-14 658.83 3322 Finance

Powered by Koha